<?xml version="1.0" encoding="UTF-8"?>
<record
    xmlns:xsi="http://www.w3.org/2001/XMLSchema-instance"
    xsi:schemaLocation="http://www.loc.gov/MARC21/slim http://www.loc.gov/standards/marcxml/schema/MARC21slim.xsd"
    xmlns="http://www.loc.gov/MARC21/slim">

  <leader>02368nam a2200229 a 4500</leader>
  <controlfield tag="001">000015979</controlfield>
  <controlfield tag="003">OSt</controlfield>
  <controlfield tag="005">20260321073639.0</controlfield>
  <controlfield tag="008">100222s2000    dr a          001 0bspa d</controlfield>
  <datafield tag="040" ind1=" " ind2=" ">
    <subfield code="a">DO-SdBNP</subfield>
    <subfield code="b">spa</subfield>
    <subfield code="c">BNPHU</subfield>
  </datafield>
  <datafield tag="082" ind1=" " ind2=" ">
    <subfield code="a">923.27293</subfield>
    <subfield code="b">B742M</subfield>
  </datafield>
  <datafield tag="100" ind1="1" ind2=" ">
    <subfield code="a">Mansilla, Luis Alberto</subfield>
    <subfield code="9">35896</subfield>
  </datafield>
  <datafield tag="245" ind1="1" ind2="4">
    <subfield code="a">Los d&#xED;as chilenos de Juan Bosch /</subfield>
    <subfield code="c">Luis Alberto Mansilla.</subfield>
  </datafield>
  <datafield tag="260" ind1=" " ind2=" ">
    <subfield code="a">Santo Domingo :</subfield>
    <subfield code="b">Superintendencia de Bancos de la Rep&#xFA;blica Dominicana,</subfield>
    <subfield code="c">2000.</subfield>
  </datafield>
  <datafield tag="300" ind1=" " ind2=" ">
    <subfield code="a">276 p. :</subfield>
    <subfield code="b">il. ;</subfield>
    <subfield code="c">23 cm.</subfield>
  </datafield>
  <datafield tag="505" ind1="0" ind2=" ">
    <subfield code="t">Introducci&#xF3;n /</subfield>
    <subfield code="r">Vicente Bengoa --</subfield>
    <subfield code="t">Pr&#xF3;logo /</subfield>
    <subfield code="r">Voloida Teitelboim --</subfield>
    <subfield code="g">Un avecindado en Chile --</subfield>
    <subfield code="t">Santiago a la vista ;</subfield>
    <subfield code="t">Las tertulias de nacimiento ;</subfield>
    <subfield code="t">La muchacha y Cuba ;</subfield>
    <subfield code="t">T&#xE9; con el cr&#xED;tico Alone ;</subfield>
    <subfield code="t">La vieja y la nueva generaci&#xF3;n ;</subfield>
    <subfield code="t">El amigo Salvador Allende ;</subfield>
    <subfield code="t">El mundo se agita --</subfield>
    <subfield code="g">Una larga marcha --</subfield>
    <subfield code="t">Los primeros a&#xF1;os ;</subfield>
    <subfield code="t">Una temporada en otros mundos ;</subfield>
    <subfield code="t">El escritor rebelde ;</subfield>
    <subfield code="t">Hostos, el sembrador ;</subfield>
    <subfield code="t">Los a&#xF1;os en La Habana ;</subfield>
    <subfield code="t">Despu&#xE9;s del fin del tirano ;</subfield>
    <subfield code="g">Tres libros publicados en Chile --</subfield>
    <subfield code="t">La muchacha de La Guaira ;</subfield>
    <subfield code="t">Cuba, la isla fascinante ;</subfield>
    <subfield code="t">Judas Iscariote, el calumniado ;</subfield>
    <subfield code="g">Trujillo seg&#xFA;n Bosch --</subfield>
    <subfield code="g">Golpe en la noche --</subfield>
    <subfield code="t">Campa&#xF1;a de mentiras ;</subfield>
    <subfield code="t">El golpe en la noche ;</subfield>
    <subfield code="t">Relato de la traici&#xF3;n ;</subfield>
    <subfield code="t">Los envenenadores --</subfield>
    <subfield code="g">Cr&#xF3;nica chilena de un levantamiento solidario &#xA1;Viva Santo Domingo! --</subfield>
    <subfield code="t">La primera amenaza ;</subfield>
    <subfield code="t">Un informe confidencial ;</subfield>
    <subfield code="t">La visita de mr. Harriman ;</subfield>
    <subfield code="t">Un mitin de los trabajadores ;</subfield>
    <subfield code="t">Las decisiones de Allende ;</subfield>
    <subfield code="t">Las mujeres y los estudiantes cat&#xF3;licos ;</subfield>
    <subfield code="t">Un dominicano Javier ;</subfield>
    <subfield code="t">Violencia contra representantes chilenos --</subfield>
    <subfield code="g">Escritos sobre Chile en la hora de los hornos --</subfield>
    <subfield code="t">Un taller de bater&#xED;as ;</subfield>
    <subfield code="t">De Santo Domingo a Molinos de Niebla ;</subfield>
    <subfield code="t">De Santiago de Chile a R&#xED;o de Janeiro ;</subfield>
    <subfield code="t">El triunfo de Allende y la lucha popular ;</subfield>
    <subfield code="t">Algunas diferencias entre Chile y la Rep&#xFA;blica Dominicana ;</subfield>
    <subfield code="t">El fascismo en Chile --</subfield>
    <subfield code="g">Ap&#xE9;ndice --</subfield>
    <subfield code="t">Comentarios de Alone sobre los libros de Juan Bosch --</subfield>
    <subfield code="g">Anexo I: El golpe de Estado a Bosch visto por los chilenos y otras im&#xE1;genes --</subfield>
    <subfield code="g">Anexo II: El golpe de Estado a Allende visto por los dominicanos y otros documentos --</subfield>
    <subfield code="g">Datos biogr&#xE1;ficos del autor</subfield>
  </datafield>
  <datafield tag="600" ind1="1" ind2="0">
    <subfield code="a"> Bosch, Juan, </subfield>
    <subfield code="d">1909-2001</subfield>
    <subfield code="9">76555</subfield>
  </datafield>
  <datafield tag="651" ind1=" " ind2="4">
    <subfield code="a">Chile</subfield>
    <subfield code="x">Historia</subfield>
    <subfield code="9">17855</subfield>
  </datafield>
  <datafield tag="651" ind1=" " ind2="4">
    <subfield code="a">Chile</subfield>
    <subfield code="x">Historia</subfield>
    <subfield code="y">Golpe de Estado, 1973</subfield>
    <subfield code="9">35897</subfield>
  </datafield>
  <datafield tag="910" ind1=" " ind2=" ">
    <subfield code="a">Validado. Control de calidad MMOLINA</subfield>
  </datafield>
  <datafield tag="942" ind1=" " ind2=" ">
    <subfield code="2">ddc</subfield>
    <subfield code="c">LBS1</subfield>
  </datafield>
  <datafield tag="952" ind1=" " ind2=" ">
    <subfield code="0">0</subfield>
    <subfield code="1">0</subfield>
    <subfield code="5">4</subfield>
    <subfield code="7">0</subfield>
    <subfield code="8">DS</subfield>
    <subfield code="a">GR</subfield>
    <subfield code="b">GR</subfield>
    <subfield code="c">HD</subfield>
    <subfield code="d">2011-03-15</subfield>
    <subfield code="i">LF1</subfield>
    <subfield code="l">0</subfield>
    <subfield code="o">923.27293 B742M</subfield>
    <subfield code="p">15979-40</subfield>
    <subfield code="r">2020-06-25</subfield>
    <subfield code="t">e. 4</subfield>
    <subfield code="w">2020-06-25</subfield>
    <subfield code="y">LFDS</subfield>
    <subfield code="Z">Pr&#xE9;stamo en sala</subfield>
  </datafield>
  <datafield tag="952" ind1=" " ind2=" ">
    <subfield code="0">0</subfield>
    <subfield code="1">0</subfield>
    <subfield code="5">4</subfield>
    <subfield code="7">0</subfield>
    <subfield code="8">DS</subfield>
    <subfield code="a">GR</subfield>
    <subfield code="b">GR</subfield>
    <subfield code="c">HD</subfield>
    <subfield code="d">2011-03-15</subfield>
    <subfield code="i">LF1</subfield>
    <subfield code="l">0</subfield>
    <subfield code="o">923.27293 B742M</subfield>
    <subfield code="p">15979-50</subfield>
    <subfield code="r">2020-06-25</subfield>
    <subfield code="t">e. 5</subfield>
    <subfield code="w">2020-06-25</subfield>
    <subfield code="y">LFDS</subfield>
    <subfield code="Z">Pr&#xE9;stamo en sala</subfield>
  </datafield>
  <datafield tag="952" ind1=" " ind2=" ">
    <subfield code="0">0</subfield>
    <subfield code="1">0</subfield>
    <subfield code="5">4</subfield>
    <subfield code="7">0</subfield>
    <subfield code="8">DS</subfield>
    <subfield code="a">GR</subfield>
    <subfield code="b">GR</subfield>
    <subfield code="c">HD</subfield>
    <subfield code="d">2011-03-15</subfield>
    <subfield code="i">LF1</subfield>
    <subfield code="l">0</subfield>
    <subfield code="o">923.27293 B742M</subfield>
    <subfield code="p">15979-30</subfield>
    <subfield code="r">2020-06-25</subfield>
    <subfield code="t">e. 3</subfield>
    <subfield code="w">2020-06-25</subfield>
    <subfield code="y">LFDS</subfield>
    <subfield code="Z">Pr&#xE9;stamo en sala</subfield>
  </datafield>
  <datafield tag="952" ind1=" " ind2=" ">
    <subfield code="0">0</subfield>
    <subfield code="1">0</subfield>
    <subfield code="7">1</subfield>
    <subfield code="8">PD</subfield>
    <subfield code="a">PD</subfield>
    <subfield code="b">PD</subfield>
    <subfield code="c">HD</subfield>
    <subfield code="d">2010-02-22</subfield>
    <subfield code="i">LF1</subfield>
    <subfield code="l">0</subfield>
    <subfield code="o">923.27293 B742M</subfield>
    <subfield code="p">15979-10</subfield>
    <subfield code="r">2020-06-25</subfield>
    <subfield code="w">2020-06-25</subfield>
    <subfield code="y">LFPD</subfield>
    <subfield code="Z">No se presta</subfield>
  </datafield>
  <datafield tag="952" ind1=" " ind2=" ">
    <subfield code="0">0</subfield>
    <subfield code="1">0</subfield>
    <subfield code="7">1</subfield>
    <subfield code="8">PD</subfield>
    <subfield code="a">PD</subfield>
    <subfield code="b">PD</subfield>
    <subfield code="c">HD</subfield>
    <subfield code="d">2011-03-15</subfield>
    <subfield code="i">LF1</subfield>
    <subfield code="l">0</subfield>
    <subfield code="o">923.27293 B742M</subfield>
    <subfield code="p">15979-20</subfield>
    <subfield code="r">2020-06-25</subfield>
    <subfield code="t">e. 2</subfield>
    <subfield code="w">2020-06-25</subfield>
    <subfield code="y">LFPD</subfield>
    <subfield code="Z">No se presta</subfield>
  </datafield>
  <datafield tag="999" ind1=" " ind2=" ">
    <subfield code="c">15521</subfield>
    <subfield code="d">15521</subfield>
  </datafield>
</record>
